| 000 | 00000nam##2200000za#4500 |
| 001 | 9.698161 |
| 003 | CaOODSP |
| 005 | 20210624235814 |
| 007 | cr ||||||||||| |
| 008 | 150407|1998||||xxc|||||o f|0| 0 eng|d |
| 040 | |aCaOODSP|beng |
| 043 | |an-cn--- |
| 086 | 1 |aRH64-95/1998E-PDF |
| 110 | 1 |aCanada. |bHuman Resources Development Canada. |
| 245 | 10|aUnemployment and benefit durations : |h[electronic resource]|bfinal report / |cprepared by Stephen R. G. Jones. |
| 260 | |aOttawa - Ontario : |bHuman Resources Development Canada |cMay 1998. |
| 300 | |a83p.|bfigs., references, tables |
| 590 | |a13-16-Supp|b2013-07-12 |
| 690 | 07|aEmployment insurance|2gcpds |
| 775 | 08|tDurées du chômage et des prestations : |w(CaOODSP)9.642154 |
| 856 | 40|ahttp://publications.gc.ca|qPDF|s249 KB|uhttps://publications.gc.ca/collections/collection_2013/rhdcc-hrsdc/RH64-95-1998-eng.pdf |
| 986 | |aSP-AH050E-05-98 |